|
|
|
|
| LEADER |
00000naa2a2200000 4500 |
| 001 |
507442 |
| 005 |
20231101103437.0 |
| 035 |
|
|
|a (RuTPU)RU\TPU\prd\178994
|
| 035 |
|
|
|a RU\TPU\prd\4619
|
| 090 |
|
|
|a 507442
|
| 100 |
|
|
|a 20130527a2002 k y0rusy50 ca
|
| 101 |
0 |
|
|a rus
|
| 102 |
|
|
|a RU
|
| 200 |
1 |
|
|a Изделия из полимеров для анестизиологии и интенсивной терапии
|f М. А. Езерская, Ю. С. Гальперин
|
| 225 |
1 |
|
|a Обмен опытом
|
| 461 |
|
1 |
|0 (RuTPU)RU\TPU\prd\1623
|x 0025-8075
|t Медицинская техника
|l Biomedical Engineering
|o научно-технический журнал
|d 1976-
|
| 463 |
|
1 |
|0 (RuTPU)RU\TPU\prd\2425
|t № 1
|v С. 31-32
|d 2002
|
| 610 |
1 |
|
|a полимеры
|
| 610 |
1 |
|
|a медицинская техника
|
| 610 |
1 |
|
|a изделия
|
| 610 |
1 |
|
|a анестезиология
|
| 610 |
1 |
|
|a интенсивная терапия
|
| 675 |
|
|
|a 615.46.03:678.7.03:617-089.5
|v 3
|
| 700 |
|
1 |
|a Езерская
|b М. А.
|
| 701 |
|
1 |
|a Гальперин
|b Ю. С.
|
| 801 |
|
1 |
|a RU
|b 63413507
|c 20020611
|g PSBO
|
| 801 |
|
2 |
|a RU
|b 63413507
|c 20130527
|g PSBO
|
| 942 |
|
|
|c BK
|